|
|
|
|
| LEADER |
00000nam a22000007a 4500 |
| 005 |
20220519220836.0 |
| 007 |
cr|||| |||| |
| 008 |
220519c20099999us qr|w s|||| 0|||b1eng d |
| 022 |
|
|
|a 1948-4682
|
| 035 |
|
|
|a 36231
|
| 040 |
|
|
|a vLex
|
| 090 |
|
|
|c 13367
|d 13367
|
| 245 |
0 |
0 |
|a World Medical & Health Policy
|h [Recurso electrn̤ico] /
|
| 256 |
|
|
|a Servicio en ln̕ea
|
| 260 |
|
|
|a Hoboken:
|b Wiley,
|c 2009 -
|
| 300 |
|
|
|a 1 recurso electrn̤ico
|
| 310 |
|
|
|a Trimestral
|
| 362 |
|
|
|a Nð 1-1 (Nov. 2009) -
|
| 500 |
|
|
|a World Medical & Health Policy is a quarterly, peer-reviewed journal that considers the many factors shaping global health. We publish articles employing overlapping disciplines that include health policy and politics, political science, health economics, medical ethics, and public health. The journal’s approach is unified by a thoroughgoing concern with critically examining the contexts within which policy is made, as well as more traditional considerations of processes, outcomes, and influences.
|
| 506 |
1 |
|
|a Disponible solo en los productos indicados
|d vLex Global
|d vLex Global (Academic Edition, excluding Law Schools)
|d vLex Global (Academic Edition, Law Schools)
|
| 650 |
0 |
4 |
|a Derecho Comunitario
|z Estados Unidos
|
| 650 |
0 |
4 |
|a Derecho Internacional
|z Estados Unidos
|
| 740 |
0 |
|
|a vLex Revistas (Servicio en ln̕ea)
|
| 856 |
4 |
0 |
|u https://app.vlex.com/#/sources/36231
|z Acceso restringido
|
| 942 |
|
|
|c REV
|
| 999 |
0 |
|
|a Community Law
|
| 999 |
0 |
|
|a International Law
|